Symfonie č. 1 (La feste amorose) partitura /

Main Author: Filas, Juraj, 1955-2021
Other Authors: Podgorný, Oleg, 1956-2000
Language: Czech
Published: Praha : Supraphon, 1988
Physical Description: 109 s.
Musical Score Musical Score
Saved in:
LEADER 00820ncm a22002292a 4500
001 001107576
003 CZ BrMZK
005 20110517141947.0
007 qu
008 100727s1988 xr |||||||||||||||||cze d
040 |a BOA001  |b cze 
072 7 |a 785  |x Instrumentální hudba. Symfonická hudba. Hudba pro více nástrojů  |2 Konspekt  |9 9 
100 1 |a Filas, Juraj,  |d 1955-2021  |7 jn19981001118  |4 cmp 
245 1 0 |a Symfonie č. 1 (La feste amorose)  |h [hudebnina] :  |b partitura /  |c Juraj Filas ; úvod Oleg Podgorný 
246 1 4 |a Sinfonia 1 
260 |a Praha :  |b Supraphon,  |c 1988 
300 |a 109 s. 
700 1 |a Podgorný, Oleg,  |d 1956-2000  |7 jo20000076872  |4 wfw 
910 |a BOA001  |b Mus3-0946.192 
990 |a MU 
991 |b 201007 
996 6 |b 2619457209  |c Mus3-0946.192  |l MZK  |r Sklad / do 1 hodiny  |n 0  |w 001134937  |u 000010  |a 1  |e BOA001  |j MZK50  |s P